000 00380nam a2200157Ia 4500
003 Ost
005 20260225132539.0
008 260225s9999||||xx |||||||||||||| ||und||
040 _cfsic
041 _afre
082 _a327.1
100 _aMélusive harlé
_eAuteur
245 0 _aAttentats et télévision :
245 0 _bparoles et images /
_cMélusive harlé
942 _cكتاب
999 _c33370
_d33370